Digital and microprocessor engineering / (Record no. 3862)

000 -LEADER
fixed length control field 00394nam a22001457a 4500
008 - FIXED-LENGTH DATA ELEMENTS--GENERAL INFORMATION
fixed length control field 200703b ||||| |||| 00| 0 eng d
082 00 - DEWEY DECIMAL CLASSIFICATION NUMBER
Classification number 621.38195835
Item number C1324
100 ## - MAIN ENTRY--PERSONAL NAME
9 (RLIN) 3186
Personal name Cahill, S. J.
245 10 - TITLE STATEMENT
Title Digital and microprocessor engineering /
250 ## - EDITION STATEMENT
Edition statement 1st ed.
260 ## - PUBLICATION, DISTRIBUTION, ETC. (IMPRINT)
Place of publication, distribution, etc [s.l.]
Name of publisher, distributor, etc Ellis Horwood
Date of publication, distribution, etc 1982
300 ## - PHYSICAL DESCRIPTION
Extent 513 p.
650 #0 - SUBJECT ADDED ENTRY--TOPICAL TERM
Topical term or geographic name as entry element Microprocessors
942 ## - ADDED ENTRY ELEMENTS (KOHA)
Item type Books
Holdings
Withdrawn status Lost status Source of classification or shelving scheme Damaged status Not for loan Permanent location Current location Date acquired Full call number Barcode Date last seen Koha item type
          IMU Kolkata IMU Kolkata 2020-07-03 621.38195835 C1324 06931 2020-07-03 Books
Designed and Maintained by IMU-KC Library, Kolkata Campus © Copyright All Rights Reserved

webs counters

Powered by Koha